[Event "Fagernes Autumn op"]
[Site "Fagernes"]
[Date "2022.10.14"]
[Round "7"]
[White "Melaa, Sondre Lillestol"]
[Black "Stray, Gunnar"]
[Result "1-0"]
[WhiteElo "2223"]
[BlackElo "2015"]
[PlyCount "63"]
[EventDate "2022.10.09"]
[EventType "swiss"]
[EventRounds "9"]
[EventCountry "NOR"]
[SourceTitle "CBM 210 Extra"]
[Source "ChessBase"]
[SourceDate "2022.11.30"]
[SourceVersion "1"]
[SourceVersionDate "2022.11.30"]
[SourceQuality "1"]

1. d4 d5 2. Bf4 Nf6 3. e3 c5 4. Nf3 Nc6 5. Nbd2 Bg4 6. c3 e6 7. Qa4 Qb6 8. Ne5 Bf5 9. Bb5 Rc8 10. Nb3 Bc2 11. Rc1 Bxb3 12. axb3 Nd7 13. Bxc6 bxc6 14. Ra1 Nxe5 15. Bxe5 f6 16. Bg3 Be7 17. dxc5 Qxc5 18. Qxa7 Qb5 19. Qa6 Qxa6 20. Rxa6 e5 21. Kd2 c5 22. Ra7 Kf7 23. Rha1 Rhd8 24. Rb7 Ra8 25. Rxa8 Rxa8 26. f4 e4 27. f5 Rd8 28. b4 cxb4 29. cxb4 g6 30. b5 gxf5 31. b6 d4 32. Rxe7+ 1-0

[Event "Fagernes Autumn op"]
[Site "Fagernes"]
[Date "2022.10.12"]
[Round "4"]
[White "Westrum, Kim Roger Hansen"]
[Black "Stray, Gunnar"]
[Result "1/2-1/2"]
[WhiteElo "2156"]
[BlackElo "2015"]
[PlyCount "60"]
[EventDate "2022.10.09"]
[EventType "swiss"]
[EventRounds "9"]
[EventCountry "NOR"]
[SourceTitle "CBM 210 Extra"]
[Source "ChessBase"]
[SourceDate "2022.11.30"]
[SourceVersion "1"]
[SourceVersionDate "2022.11.30"]
[SourceQuality "1"]

1. e4 c5 2. c4 Nc6 3. Nc3 g6 4. g3 Bg7 5. Bg2 d6 6. Nge2 h5 7. h3 Bd7 8. 0-0 Qc8 9. Kh2 Nf6 10. f3 g5 11. Nd5 g4 12. fxg4 hxg4 13. Nxf6+ Bxf6 14. h4 Ne5 15. d3 Ng6 16. Nf4 Nxf4 17. Bxf4 Bxb2 18. Rb1 Be5 19. Qd2 f6 20. Rfc1 Bc6 21. Rf1 Qe6 22. Rf2 Qg8 23. Rff1 Rh7 24. Qf2 b6 25. Qc2 Kf7 26. Qd2 Qg7 27. Kg1 Bd4+ 28. Be3 Be5 29. Bf4 Bd4+ 30. Be3 Be5 1/2-1/2

[Event "Helsingor Xtracon op"]
[Site "Helsingor"]
[Date "2019.07.27"]
[Round "9"]
[White "Stray, Gunnar"]
[Black "Moe, Mogens"]
[Result "0-1"]
[WhiteElo "1996"]
[BlackElo "2152"]
[PlyCount "100"]
[EventDate "2019.07.20"]
[EventType "swiss"]
[EventRounds "10"]
[EventCountry "DEN"]
[SourceTitle "CBM 191 Extra"]
[Source "ChessBase"]
[SourceDate "2019.09.30"]
[SourceVersion "1"]
[SourceVersionDate "2019.09.30"]
[SourceQuality "1"]

1. Nf3 Nf6 2. g3 g6 3. Bg2 Bg7 4. 0-0 0-0 5. d4 c5 6. c4 cxd4 7. Nxd4 Nc6 8. Nc3 Qb6 9. Nb3 d6 10. h3 Qb4 11. Nd2 Bd7 12. a3 Qc5 13. Nd5 Nxd5 14. cxd5 Ne5 15. Qb3 Bb5 16. Re1 Rfc8 17. Ne4 Qc4 18. Qe3 Qc7 19. Nd2 Qc5 20. Qxc5 Rxc5 21. Ne4 Rc7 22. Rb1 Bc4 23. Nd2 Ba6 24. b4 Rac8 25. Bf1 b6 26. f4 Nc4 27. Nb3 Bb5 28. e3 Bc3 29. Rd1 Ba4 30. Rd3 Bf6 31. Nd4 b5 32. Rc3 Bxd4 33. exd4 Nb6 34. Rxc7 Rxc7 35. Bg2 Rc3 36. Kh2 Nc4 37. Ra1 Bb3 38. Bf1 a6 39. Bxc4 Rc2+ 40. Kg1 bxc4 41. Be3 Re2 42. Bc1 c3 43. f5 gxf5 44. Bf4 Bxd5 45. a4 e5 46. dxe5 dxe5 47. Bh6 c2 48. b5 Rg2+ 49. Kf1 Rxg3 50. Bc1 Rb3 0-1

[Event "Helsingor Xtracon op"]
[Site "Helsingor"]
[Date "2019.07.23"]
[Round "5"]
[White "Stray, Gunnar"]
[Black "Buchenau, Frank"]
[Result "0-1"]
[WhiteElo "1996"]
[BlackElo "2294"]
[PlyCount "108"]
[EventDate "2019.07.20"]
[EventType "swiss"]
[EventRounds "10"]
[EventCountry "DEN"]
[SourceTitle "CBM 191 Extra"]
[Source "ChessBase"]
[SourceDate "2019.09.30"]
[SourceVersion "1"]
[SourceVersionDate "2019.09.30"]
[SourceQuality "1"]

1. d4 e6 2. Nf3 Nf6 3. e3 b6 4. Bd3 Bb7 5. Nbd2 c5 6. 0-0 Nc6 7. b3 g6 8. a3 Bg7 9. Bb2 0-0 10. Qe2 Qc7 11. Rab1 cxd4 12. Nxd4 Nxd4 13. exd4 Nd5 14. g3 Nc3 15. Bxc3 Qxc3 16. Be4 d5 17. Bd3 Bxd4 18. Nf3 Bg7 19. Ne1 e5 20. Ba6 Bxa6 21. Qxa6 e4 22. Rd1 d4 23. Qe2 Rfe8 24. f3 f5 25. Qd2 Qxd2 26. Rxd2 Rac8 27. Re2 Bf8 28. fxe4 Rxe4 29. Rd2 Bxa3 30. Nd3 Bf8 31. Ra1 Bh6 32. Rg2 a5 33. Kf1 Kf7 34. b4 Ra8 35. Ra4 Be3 36. Ke2 Ree8 37. Kf3 b5 38. Rxa5 Rxa5 39. bxa5 Ra8 40. c3 Rxa5 41. cxd4 Bxd4 42. Rc2 Ke6 43. Nf4+ Kd6 44. Rd2 Ra3+ 45. Kg2 Ke5 46. Ne2 Ra4 47. Nf4 b4 48. Nd3+ Ke4 49. Nc1 Be3 50. Re2 Ra1 51. Nb3 Rg1+ 52. Kh3 g5 53. Rb2 f4 54. g4 Rd1 0-1

[Event "Helsingor Xtracon op"]
[Site "Helsingor"]
[Date "2019.07.22"]
[Round "4"]
[White "Rossen, Claus"]
[Black "Stray, Gunnar"]
[Result "0-1"]
[WhiteElo "2217"]
[BlackElo "1996"]
[PlyCount "136"]
[EventDate "2019.07.20"]
[EventType "swiss"]
[EventRounds "10"]
[EventCountry "DEN"]
[SourceTitle "CBM 191 Extra"]
[Source "ChessBase"]
[SourceDate "2019.09.30"]
[SourceVersion "1"]
[SourceVersionDate "2019.09.30"]
[SourceQuality "1"]

1. e4 c5 2. Nf3 e6 3. d4 cxd4 4. Nxd4 Nc6 5. g3 a6 6. Bg2 Qc7 7. 0-0 Nf6 8. Nc3 Bb4 9. Nxc6 dxc6 10. Qd4 c5 11. Qc4 0-0 12. a3 b5 13. Qe2 Bxc3 14. bxc3 Bb7 15. c4 Bc6 16. Bb2 e5 17. f4 Nd7 18. Bh3 exf4 19. gxf4 Nb6 20. cxb5 Bxb5 21. Qg4 f6 22. Qh4 Na4 23. Be6+ Kh8 24. Bf5 g5 25. Bxf6+ Rxf6 26. fxg5 Rf7 27. Rf3 Rg8 28. Rh3 Qe7 29. g6 Qxh4 30. Rxh4 Re7 31. Rd1 Be8 32. Rd6 Bxg6 33. Kf2 Bxf5 34. exf5 Nc3 35. Rxa6 Rf8 36. f6 Ne4+ 37. Kf3 Nxf6 38. Rf4 Kg7 39. Rc6 Ra7 40. Rxc5 Rxa3+ 41. c3 Ra1 42. Kg2 Ra2+ 43. Kh3 Re8 44. Rcf5 Re3+ 45. Rf3 Rxf3+ 46. Rxf3 Rc2 47. Rd3 Kg6 48. Rd4 Rxc3+ 49. Kh4 Re3 50. Rd8 Kf5 51. Rf8 Re4+ 52. Kh3 Kg5 53. Rf7 Rh4+ 54. Kg2 Nh5 55. Ra7 Nf4+ 56. Kh1 Kg4 57. Rg7+ Kf3 58. Rg3+ Kf2 59. Ra3 Rg4 60. Ra2+ Ne2 61. h3 Rg7 62. Kh2 h5 63. Rb2 Rg5 64. Ra2 Ke3 65. Ra3+ Ke4 66. Ra2 Nd4 67. Ra4 h4 68. Ra1 Rg3 0-1

[Event "Helsingor Xtracon op"]
[Site "Helsingor"]
[Date "2019.07.21"]
[Round "2"]
[White "Soraas, Torben"]
[Black "Stray, Gunnar"]
[Result "1-0"]
[WhiteElo "2266"]
[BlackElo "1996"]
[PlyCount "79"]
[EventDate "2019.07.20"]
[EventType "swiss"]
[EventRounds "10"]
[EventCountry "DEN"]
[SourceTitle "CBM 191 Extra"]
[Source "ChessBase"]
[SourceDate "2019.09.30"]
[SourceVersion "1"]
[SourceVersionDate "2019.09.30"]
[SourceQuality "1"]

1. e4 c5 2. Nc3 Nc6 3. g3 g6 4. Bg2 Bg7 5. d3 d6 6. Nge2 Rb8 7. a4 a6 8. 0-0 Nf6 9. f4 0-0 10. h3 Nd4 11. g4 b5 12. axb5 axb5 13. g5 Ne8 14. Nd5 Nxe2+ 15. Qxe2 Nc7 16. Ne3 b4 17. f5 Bd4 18. Kh1 d5 19. Ng4 dxe4 20. dxe4 gxf5 21. Nh6+ Kh8 22. Nxf5 Ne6 23. Rd1 Qc7 24. Nxd4 Nxd4 25. Qf2 Rb6 26. Be3 e5 27. c3 Nb3 28. cxb4 Rxb4 29. g6 hxg6 30. Bh6 Rg8 31. Qf6+ Kh7 32. Qh4 Rh8 33. Qf6 Rg8 34. Qh4 Rh8 35. Bf8+ Kg8 36. Qf6 Rh7 37. Rd8 Rd4 38. Bd6+ Qxd8 39. Qxd8+ Kg7 40. Bxe5+ 1-0

[Event "Helsingor Xtracon op"]
[Site "Helsingor"]
[Date "2018.07.21"]
[Round "1"]
[White "Stray, Gunnar"]
[Black "Kharraziha, Hamid"]
[Result "1-0"]
[WhiteElo "2048"]
[BlackElo "1502"]
[PlyCount "75"]
[EventDate "2018.07.21"]
[EventType "swiss"]
[EventRounds "10"]
[EventCountry "DEN"]
[SourceTitle "CBM 185 Extra"]
[Source "ChessBase"]
[SourceDate "2018.07.29"]
[SourceVersion "1"]
[SourceVersionDate "2018.07.29"]
[SourceQuality "1"]

1. d4 d5 2. Nf3 Nf6 3. e3 e6 4. Bd3 c5 5. b3 Nc6 6. Bb2 cxd4 7. exd4 Bd6 8. 0-0 0-0 9. a3 b6 10. Nbd2 Qc7 11. Re1 Bb7 12. Ne5 Rac8 13. Qf3 Bxe5 14. dxe5 Nd7 15. Qh3 h6 16. Qg3 Nc5 17. Bf1 Ne7 18. Rac1 Nf5 19. Qh3 b5 20. g4 Ne7 21. Bd4 a6 22. Bg2 Ng6 23. Qg3 a5 24. f4 Ne7 25. Bh3 b4 26. axb4 axb4 27. f5 Ra8 28. f6 gxf6 29. exf6 Qxg3+ 30. hxg3 Ng6 31. Bxc5 Rfc8 32. Bxb4 Ra2 33. Bg2 Rcxc2 34. Rxc2 Rxc2 35. Bf1 Rb2 36. Bd3 d4 37. Bxg6 fxg6 38. Rxe6 1-0

[Event "Deltalift op"]
[Site "Tylosand"]
[Date "2018.05.10"]
[Round "2"]
[White "Stray, Gunnar"]
[Black "Akesson, Ralf"]
[Result "0-1"]
[WhiteElo "2051"]
[BlackElo "2392"]
[PlyCount "100"]
[EventDate "2018.05.10"]
[EventType "swiss"]
[EventRounds "8"]
[EventCountry "SWE"]
[SourceTitle "CBM 184 Extra"]
[Source "ChessBase"]
[SourceDate "2018.06.28"]
[SourceVersion "1"]
[SourceVersionDate "2018.06.28"]
[SourceQuality "1"]

1. d4 Nf6 2. Nf3 g6 3. g3 c5 4. d5 d6 5. Bg2 b5 6. 0-0 Nbd7 7. Re1 Bg7 8. e4 0-0 9. a4 b4 10. c4 Ne8 11. Nbd2 a5 12. Rb1 Ra7 13. b3 e5 14. Nf1 h6 15. Qc2 Kh7 16. h4 Ndf6 17. N3h2 Nh5 18. Bf3 f5 19. exf5 Bxf5 20. Be4 Raf7 21. Re2 Qd7 22. Ne3 Bxe4 23. Qxe4 Nf4 24. gxf4 Rxf4 25. Qg2 Nf6 26. Nef1 Rxh4 27. Ng3 Nh5 28. Ne4 Rff4 29. f3 Rf8 30. Bd2 Nf4 31. Bxf4 exf4 32. Kf1 Bd4 33. Ke1 Rf5 34. Kd2 Rfh5 35. Rg1 Qg7 36. Ng4 Rf5 37. Rh1 Rxh1 38. Qxh1 h5 39. Nxd6 Be3+ 40. Nxe3 Qc3+ 41. Kd1 Qa1+ 42. Kc2 Qxh1 43. Ndxf5 Qxf3 44. Re1 gxf5 45. Nd1 Qg2+ 46. Kd3 Qg3+ 47. Kd2 f3 48. Rf1 Qf4+ 49. Ke1 Qe4+ 50. Kf2 Qe2+ 0-1

[Event "Helsingor Xtracon op"]
[Site "Helsingor"]
[Date "2017.07.29"]
[Round "9"]
[White "Schouten, Mathias Lind"]
[Black "Stray, Gunnar"]
[Result "0-1"]
[WhiteElo "1734"]
[BlackElo "2078"]
[PlyCount "78"]
[EventDate "2017.07.22"]
[EventType "swiss"]
[EventRounds "10"]
[EventCountry "DEN"]
[SourceTitle "CBM 179 Extra"]
[Source "ChessBase"]
[SourceDate "2017.08.23"]
[SourceVersion "1"]
[SourceVersionDate "2017.08.23"]
[SourceQuality "1"]

1. e4 c5 2. Nf3 e6 3. d4 cxd4 4. Nxd4 a6 5. Nc3 Qc7 6. Bd3 Nc6 7. Nce2 Nf6 8. 0-0 Ne5 9. f4 Nxd3 10. cxd3 Bc5 11. Kh1 b5 12. Be3 Ng4 13. Bg1 Qa7 14. Rc1 Bb6 15. h3 h5 16. g3 Nf6 17. Nf3 Bb7 18. Bxb6 Qxb6 19. b4 Ke7 20. a4 bxa4 21. Qxa4 Rhc8 22. Ne5 Rxc1 23. Nxc1 d5 24. Nb3 dxe4 25. dxe4 Bxe4+ 26. Kh2 Rd8 27. Qa5 Qxa5 28. bxa5 Rb8 29. Nd2 Rb2 30. Nec4 Ra2 31. Rf2 Bd5 32. Kg1 Ra4 33. Nb6 Rxa5 34. Nxd5+ Nxd5 35. f5 Ra1+ 36. Kh2 Ra2 37. fxe6 fxe6 38. g4 Ne3 39. Kg3 Rxd2 0-1

[Event "Helsingor Xtracon op"]
[Site "Helsingor"]
[Date "2017.07.27"]
[Round "7"]
[White "Rasmussen, Henning Lau"]
[Black "Stray, Gunnar"]
[Result "0-1"]
[WhiteElo "1770"]
[BlackElo "2078"]
[PlyCount "90"]
[EventDate "2017.07.22"]
[EventType "swiss"]
[EventRounds "10"]
[EventCountry "DEN"]
[SourceTitle "CBM 179 Extra"]
[Source "ChessBase"]
[SourceDate "2017.08.23"]
[SourceVersion "1"]
[SourceVersionDate "2017.08.23"]
[SourceQuality "1"]

1. f4 d5 2. Nf3 c5 3. g3 Nc6 4. Bg2 h5 5. d3 Nf6 6. 0-0 Bg4 7. h3 Bf5 8. Nh4 g6 9. Nc3 d4 10. Ne4 e6 11. Nxf6+ Qxf6 12. e4 dxe3 13. Bxe3 Rd8 14. Nxf5 gxf5 15. Kh2 Qg6 16. Qf3 Be7 17. Qf2 h4 18. Bxc6+ bxc6 19. Qg2 Qxg3+ 20. Qxg3 hxg3+ 21. Kxg3 Bd6 22. Kh2 f6 23. c3 Rd7 24. Rf3 Rdh7 25. Rh1 e5 26. Kg2 e4 27. dxe4 fxe4 28. Rg3 Ke7 29. Re1 f5 30. Rd1 Rh6 31. Rg7+ Ke6 32. Rg3 Be7 33. Rh1 a5 34. b3 a4 35. Bd2 axb3 36. axb3 Ra8 37. Rd1 Ra2 38. Kf1 Bh4 39. Re3 Rg6 40. Re2 Rg3 41. Rh2 Kf7 42. Rh1 Rf3+ 43. Kg1 Bf2+ 44. Kf1 Be3+ 45. Ke1 Rf2 0-1

[Event "Helsingor Xtracon op"]
[Site "Helsingor"]
[Date "2017.07.24"]
[Round "4"]
[White "Stray, Gunnar"]
[Black "Rewitz, Poul"]
[Result "0-1"]
[WhiteElo "2078"]
[BlackElo "2310"]
[PlyCount "94"]
[EventDate "2017.07.22"]
[EventType "swiss"]
[EventRounds "10"]
[EventCountry "DEN"]
[SourceTitle "CBM 179 Extra"]
[Source "ChessBase"]
[SourceDate "2017.08.23"]
[SourceVersion "1"]
[SourceVersionDate "2017.08.23"]
[SourceQuality "1"]

1. d4 g6 2. Nf3 Bg7 3. g3 f5 4. Bg2 Nf6 5. 0-0 0-0 6. Re1 c6 7. c3 d6 8. Nbd2 Kh8 9. a4 Na6 10. b4 Nc7 11. Bb2 Bd7 12. c4 Qc8 13. Rc1 f4 14. Qb3 Bh3 15. Bh1 Qg4 16. e4 Nh5 17. Nh4 fxg3 18. hxg3 Ne6 19. Qe3 Rf7 20. Bf3 Qg5 21. Qxg5 Nxg5 22. Bxh5 gxh5 23. f4 Ne6 24. e5 dxe5 25. dxe5 a5 26. Kh2 Bg4 27. Nb3 axb4 28. a5 Rff8 29. Re3 Bh6 30. Rf1 Nxf4 31. gxf4 Bxf4+ 32. Rxf4 Rxf4 33. e6+ Kg8 34. Bd4 Rd8 35. Bb6 Rd1 36. Bc5 Rxc4 37. Bxe7 Rc3 38. Re5 Bxe6 39. Rxe6 Rxb3 40. Re2 Kf7 41. Nf5 h4 42. Nd6+ Kg6 43. Nxb7 Rbb1 44. Nd6 Rh1+ 45. Kg2 h3+ 46. Kg3 Rbg1+ 47. Kh4 Re1 0-1

[Event "Helsingor Xtracon op"]
[Site "Helsingor"]
[Date "2016.07.27"]
[Round "6"]
[White "Risting, Eivind Olav"]
[Black "Stray, Gunnar"]
[Result "1-0"]
[WhiteElo "2376"]
[BlackElo "2074"]
[PlyCount "89"]
[EventDate "2016.07.23"]
[EventType "swiss"]
[EventRounds "10"]
[EventCountry "DEN"]
[SourceTitle "CBM 173 Extra"]
[Source "ChessBase"]
[SourceDate "2016.08.29"]
[SourceVersion "1"]
[SourceVersionDate "2016.08.29"]
[SourceQuality "1"]

1. e4 c5 2. Nf3 e6 3. d4 cxd4 4. Nxd4 a6 5. Nc3 Qc7 6. Bd3 Nc6 7. Nxc6 dxc6 8. 0-0 e5 9. f4 Bd6 10. f5 Bc5+ 11. Kh1 h5 12. a4 a5 13. Bg5 Be7 14. Be3 Nf6 15. h3 b6 16. Qe1 Bb7 17. Qf2 Nd7 18. Bc4 Bc5 19. Bxc5 Nxc5 20. Qg3 Kf8 21. Rad1 Rh6 22. Rd2 Rd8 23. Rxd8+ Qxd8 24. Qxe5 Rd6 25. Qf4 Rd4 26. f6 Qxf6 27. Qb8+ Rd8 28. Rxf6 Rxb8 29. Rxf7+ Ke8 30. Rxg7 Rd8 31. Bf7+ Ke7 32. Bxh5+ Kf6 33. Rg6+ Ke5 34. Rg5+ Kf4 35. Rf5+ Ke3 36. Kg1 Ba6 37. Rf2 Ne6 38. Bf3 Rg8 39. Nd1+ Kd4 40. Rd2+ Ke5 41. Kf2 b5 42. axb5 Bxb5 43. Ke3 Nf4 44. Nf2 Rf8 45. Nd3+ 1-0

[Event "Deltalift op"]
[Site "Tylosand"]
[Date "2016.05.07"]
[Round "8"]
[White "Stray, Gunnar"]
[Black "Lindhe, Magnus"]
[Result "1-0"]
[WhiteElo "2047"]
[BlackElo "2215"]
[PlyCount "115"]
[EventDate "2016.05.05"]
[EventType "swiss"]
[EventRounds "8"]
[EventCountry "SWE"]
[SourceTitle "CBM 172 Extra"]
[Source "ChessBase"]
[SourceDate "2016.06.21"]
[SourceVersion "1"]
[SourceVersionDate "2016.06.21"]
[SourceQuality "1"]

1. d4 Nf6 2. Nf3 g6 3. g3 c5 4. d5 Qa5+ 5. Bd2 Qb6 6. Nc3 Bg7 7. Bg2 e6 8. dxe6 fxe6 9. 0-0 d5 10. Ne5 0-0 11. a4 Nbd7 12. a5 Qd6 13. Nxd7 Bxd7 14. Bf4 Qe7 15. a6 b5 16. Be5 Bc6 17. Ra5 Nd7 18. Bxg7 Qxg7 19. e4 Nb6 20. Qg4 Rae8 21. Raa1 d4 22. Ne2 Nc4 23. Qg5 e5 24. b3 Nd6 25. f3 b4 26. Nc1 Bb5 27. Nd3 Qc7 28. Rf2 Nf7 29. Qd2 Re6 30. f4 Rxa6 31. Raf1 Rf6 32. f5 g5 33. Ra1 Bxd3 34. cxd3 a5 35. Bf3 h6 36. Qa2 Ra8 37. h4 Rfa6 38. Bd1 Qc6 39. Qe2 Qf6 40. Qg4 c4 41. dxc4 Kf8 42. Rh2 d3 43. Qf3 Rd8 44. Qe3 Rd4 45. Rd2 gxh4 46. Rxd3 hxg3 47. Rxd4 exd4 48. Qxg3 Ne5 49. Ra2 Ra7 50. Kf1 Rg7 51. Qf4 Nc6 52. Rh2 Rg5 53. Qc7 d3 54. Qc8+ Kg7 55. Qd7+ Ne7 56. Qxd3 Qb6 57. Rf2 Kf6 58. e5+ 1-0

[Event "Reykjavik op"]
[Site "Reykjavik"]
[Date "2016.03.12"]
[Round "6"]
[White "Ptacnikova, Lenka"]
[Black "Stray, Gunnar"]
[Result "1/2-1/2"]
[WhiteElo "2192"]
[BlackElo "2050"]
[PlyCount "140"]
[EventDate "2016.03.08"]
[EventType "swiss"]
[EventRounds "10"]
[EventCountry "ISL"]
[SourceTitle "CBM 171 Extra"]
[Source "ChessBase"]
[SourceDate "2016.04.26"]
[SourceVersion "1"]
[SourceVersionDate "2016.04.26"]
[SourceQuality "1"]

1. e4 c5 2. Nf3 e6 3. d4 cxd4 4. Nxd4 a6 5. Nc3 Qc7 6. g3 Nc6 7. Bg2 Nf6 8. 0-0 Nxd4 9. Qxd4 Bc5 10. Qd3 h5 11. Bf4 e5 12. Bg5 Bd4 13. Bxf6 Bxc3 14. Bxg7 Rg8 15. bxc3 Rxg7 16. Qf3 Rg8 17. Qxh5 d6 18. Qh7 Rf8 19. Rad1 Be6 20. Bh3 Bxa2 21. Rd2 Rd8 22. Rfd1 Qe7 23. Qh6 f6 24. Qg6+ Bf7 25. Qh6 Be6 26. Bxe6 Qxe6 27. Qe3 Rf7 28. Qb6 Rfd7 29. h4 Ke7 30. Rd5 Rc8 31. Qe3 Rc6 32. Kg2 Kd8 33. h5 Kc7 34. Rh1 f5 35. h6 Rh7 36. Rd3 fxe4 37. Qxe4 Rxh6 38. Rxh6 Qxh6 39. g4 Qe6 40. Rh3 d5 41. Rh7+ Kb8 42. Qb4 Rb6 43. Qf8+ Ka7 44. Rg7 d4 45. cxd4 Qd5+ 46. Qf3 Qxd4 47. c3 Qc5 48. Rf7 Rb3 49. g5 e4 50. Qf6 Rb5 51. g6 Qg5+ 52. Qxg5 Rxg5+ 53. Kf1 Rxg6 54. Re7 Rc6 55. Rxe4 Rxc3 56. f4 b5 57. Ke2 Kb6 58. f5 Rc6 59. Rf4 Rf6 60. Kf3 a5 61. Ke4 a4 62. Ke5 Rf8 63. f6 a3 64. Kd4 a2 65. Rf1 a1Q+ 66. Rxa1 Rxf6 67. Kc3 Kc5 68. Rh1 Rf3+ 69. Kb2 Rf4 70. Kb3 Rf3+ 1/2-1/2

[Event "Reykjavik op"]
[Site "Reykjavik"]
[Date "2016.03.11"]
[Round "5"]
[White "Stray, Gunnar"]
[Black "Acevedo Mendez, Lisseth"]
[Result "1-0"]
[WhiteElo "2050"]
[BlackElo "1886"]
[PlyCount "95"]
[EventDate "2016.03.08"]
[EventType "swiss"]
[EventRounds "10"]
[EventCountry "ISL"]
[SourceTitle "CBM 171 Extra"]
[Source "ChessBase"]
[SourceDate "2016.04.26"]
[SourceVersion "1"]
[SourceVersionDate "2016.04.26"]
[SourceQuality "1"]

1. d4 e6 2. Nf3 f5 3. h3 Nf6 4. g4 d6 5. gxf5 exf5 6. Nc3 Nc6 7. Bg5 Be7 8. e3 Ne4 9. Bf4 Nxc3 10. bxc3 Bf6 11. h4 Ne7 12. Bc4 h6 13. h5 Qd7 14. Qe2 b6 15. a4 Bb7 16. Rg1 Nd5 17. Kd2 Qe7 18. Bg3 a5 19. Ne1 0-0-0 20. Bd3 Qe6 21. Ba6 Rhe8 22. Bxb7+ Kxb7 23. c4 Nb4 24. c3 Na6 25. Qf3+ Qe4 26. Qxe4+ Rxe4 27. Nd3 c5 28. Rab1 Kc6 29. f3 Re7 30. Bf4 Nb8 31. Rb5 Nd7 32. Nf2 Rde8 33. Kd3 Bg5 34. Bxg5 hxg5 35. e4 Nf6 36. Rgb1 fxe4+ 37. Nxe4 Nd7 38. Rg1 Nf6 39. Rxg5 Nxe4 40. fxe4 Rxe4 41. d5+ Kc7 42. Rxg7+ R4e7 43. Rxe7+ Rxe7 44. Rb1 Rh7 45. Rh1 Kd7 46. Ke4 Ke7 47. Kf5 Kf7 48. h6 1-0

[Event "Reykjavik op"]
[Site "Reykjavik"]
[Date "2016.03.08"]
[Round "1"]
[White "Stray, Gunnar"]
[Black "Andreikin, Dmitry"]
[Result "0-1"]
[WhiteElo "2050"]
[BlackElo "2732"]
[PlyCount "86"]
[EventDate "2016.03.08"]
[EventType "swiss"]
[EventRounds "10"]
[EventCountry "ISL"]
[SourceTitle "CBM 171 Extra"]
[Source "ChessBase"]
[SourceDate "2016.04.26"]
[SourceVersion "1"]
[SourceVersionDate "2016.04.26"]
[SourceQuality "1"]

1. d4 g6 2. Nf3 Bg7 3. g3 c5 4. d5 d6 5. Bg2 b5 6. 0-0 Nf6 7. Re1 0-0 8. e4 Bb7 9. c4 bxc4 10. Nc3 Ng4 11. h3 Ne5 12. Nxe5 Bxe5 13. Qe2 Nd7 14. Qxc4 Qa5 15. Qd3 Ba6 16. Qc2 Nb6 17. Bf4 Bd4 18. Ne2 Bxe2 19. Qxe2 Nd7 20. Bd2 Qb6 21. Bc3 Rab8 22. Rac1 Rfc8 23. b3 a5 24. Bf1 Bxc3 25. Rxc3 a4 26. Qc2 axb3 27. Rxb3 Qa5 28. Reb1 Rxb3 29. axb3 Ra8 30. Bc4 Qb4 31. Rc1 Ra3 32. Qe2 Ne5 33. Kg2 Qa5 34. Qc2 h5 35. Qc3 Qxc3 36. Rxc3 Nxc4 37. Rxc4 Rxb3 38. Rc2 g5 39. f3 Kg7 40. Kf2 Kf6 41. h4 gxh4 42. gxh4 Ke5 43. Rc4 Kf4 0-1